[Event "Charlesbourg Khalif"]
[Site "Charlesbourg"]
[Date "2015.04.27"]
[Round "5"]
[White "Tremblay, Rejean"]
[Black "Richard, Christian"]
[Result "1-0"]
[WhiteElo "2192"]
[BlackElo "1861"]
[PlyCount "37"]
[EventDate "2015.03.30"]
[EventType "swiss"]
[EventRounds "5"]
[EventCountry "CAN"]
[SourceTitle "EXT 2022"]
[Source "ChessBase"]
[SourceDate "2021.10.06"]
[SourceVersion "1"]
[SourceVersionDate "2021.10.06"]
[SourceQuality "1"]

1. d4 Nf6 2. Nf3 e6 3. c4 b6 4. Nc3 Bb4 5. Qc2 Bb7 6. Bg5 h6 7. Bh4 g5 8. Bg3 d6 9. h4 g4 10. Nd2 Nc6 11. e3 Qd7 12. a3 Bxc3 13. Qxc3 Ne7 14. d5 e5 15. Be2 Nf5 16. Bxe5 dxe5 17. Qxe5+ Ne7 18. Qxf6 0-0-0 19. 0-0-0 1-0

[Event "Quebec-ch qual3"]
[Site "Quebec"]
[Date "2005.??.??"]
[Round "1"]
[White "Berube, Antoine"]
[Black "Richard, Christian"]
[Result "1-0"]
[WhiteElo "2194"]
[BlackElo "1786"]
[PlyCount "95"]
[EventDate "2005.05.13"]
[EventType "swiss"]
[EventRounds "5"]
[EventCountry "CAN"]
[SourceTitle "CBM 106 Extra"]
[Source "ChessBase"]
[SourceDate "2005.07.01"]
[SourceVersion "1"]
[SourceVersionDate "2005.07.01"]
[SourceQuality "1"]

1. d4 Nf6 2. c4 g6 3. Nc3 d5 4. cxd5 Nxd5 5. e4 Nxc3 6. bxc3 Bg7 7. Bc4 c5 8. Ne2 Nc6 9. Be3 0-0 10. 0-0 cxd4 11. cxd4 Na5 12. Bd3 Be6 13. d5 Bxa1 14. Qxa1 Bd7 15. Bh6 f6 16. Bxf8 Qxf8 17. f4 Rc8 18. f5 Nc4 19. Bxc4 Rxc4 20. fxg6 hxg6 21. Qb1 Qc8 22. Nf4 Kf7 23. h4 Rc2 24. Qe1 Qc3 25. Qxc3 Rxc3 26. d6 exd6 27. Nd5 Rd3 28. Rxf6+ Kg7 29. Rxd6 Bc6 30. Rxg6+ Kxg6 31. Nf4+ Kh6 32. Nxd3 Bxe4 33. Nf4 a5 34. Kf2 a4 35. Ke3 Bf5 36. Kd4 b5 37. Kc5 Bd7 38. a3 Be8 39. g4 Bd7 40. g5+ Kg7 41. Nh5+ Kg6 42. Nf6 Bf5 43. Kxb5 Bc2 44. Kc5 Bd1 45. Kd6 Bf3 46. Ke5 Bd1 47. Kf4 Be2 48. h5+ 1-0

[Event "Robin Girard Memorial"]
[Site "Quebec"]
[Date "2003.08.31"]
[Round "4"]
[White "Richard, Christian"]
[Black "Lessard, Claude"]
[Result "1-0"]
[WhiteElo "1697"]
[BlackElo "1902"]
[PlyCount "71"]
[EventDate "2003.08.??"]
[EventType "swiss"]
[EventRounds "5"]
[EventCountry "CAN"]
[SourceTitle "EXT 2006"]
[Source "ChessBase"]
[SourceDate "2005.11.24"]
[SourceVersion "1"]
[SourceVersionDate "2005.11.24"]
[SourceQuality "1"]

1. e4 e5 2. Nf3 Nc6 3. Nc3 g6 4. Bc4 Bg7 5. 0-0 Nge7 6. d3 0-0 7. Be3 Na5 8. Bb3 Nxb3 9. axb3 f5 10. Bg5 c6 11. d4 h6 12. Bxe7 Qxe7 13. Nxe5 Qf6 14. exf5 gxf5 15. Ne2 d6 16. Nd3 f4 17. Nexf4 Qxd4 18. Ra4 Qf6 19. Nh5 Qg5 20. Ng3 b5 21. Re4 d5 22. Re2 h5 23. Qc1 Qxc1 24. Rxc1 h4 25. Nf1 h3 26. Re7 hxg2 27. Ne3 Bh3 28. Nb4 Rfc8 29. c3 Bf6 30. Nexd5 cxd5 31. Re3 Bd7 32. Nxd5 Rf8 33. Rd1 Bc6 34. Rg3+ Kf7 35. Rh3 Kg7 36. Rg3+ 1-0